[Event "Scarborough CC Spring Into Summer U1700"]
[Site "Toronto CAN"]
[Date "2011.05.19"]
[Round "3"]
[White "Guo, Tan"]
[Black "Vyravanathan, Sobiga"]
[Result "0-1"]
[WhiteElo "1538"]
[BlackElo "1321"]
[PlyCount "76"]
[GameId "2160767909704817"]
[EventDate "2011.04.28"]
[EventType "swiss"]
[EventRounds "9"]
[EventCountry "CAN"]
[SourceTitle "EXT 2022"]
[Source "ChessBase"]
[SourceDate "2021.10.06"]
[SourceVersion "1"]
[SourceVersionDate "2021.10.06"]
[SourceQuality "1"]

1. e4 c5 2. Nf3 Nc6 3. d4 cxd4 4. Nxd4 Nf6 5. Nc3 d6 6. Bg5 e6 7. f4 h6 8. Bh4 Be7 9. Qf3 Nxd4 10. Qd3 Nc6 11. O-O-O a6 12. Qf3 e5 13. f5 Nd4 14. Qf2 Nxe4 15. Nxe4 Bxh4 16. g3 Be7 17. g4 Bg5+ 18. Kb1 Bh4 19. Qe3 Bg5 20. Qd3 d5 21. Ng3 Bd7 22. Bg2 Bb5 23. Qa3 Qe7 24. Qa5 Qc5 25. Qc3 Qxc3 26. bxc3 Ne2 27. Nxe2 Bxe2 28. Rde1 Bxg4 29. Rxe5+ Kf8 30. Rxd5 Rd8 31. Re5 Rd1+ 32. Rxd1 Bxd1 33. Bxb7 Bf6 34. Re1 Bg4 35. Bxa6 Bxc3 36. Re3 Bf6 37. c4 Bxf5+ 38. Kc1 Bg5 0-1

[Event "Scarborough CC Spring Into Summer U1700"]
[Site "Toronto CAN"]
[Date "2011.05.19"]
[Round "3"]
[White "Kurkowski, Ken"]
[Black "Yie, Kevin Yi Xiao"]
[Result "1/2-1/2"]
[WhiteElo "1516"]
[BlackElo "1460"]
[PlyCount "95"]
[GameId "2160767909704818"]
[EventDate "2011.04.28"]
[EventType "swiss"]
[EventRounds "9"]
[EventCountry "CAN"]
[SourceTitle "EXT 2022"]
[Source "ChessBase"]
[SourceDate "2021.10.06"]
[SourceVersion "1"]
[SourceVersionDate "2021.10.06"]
[SourceQuality "1"]

1. d4 Nf6 2. c4 e6 3. Nf3 d5 4. Bg5 Nbd7 5. e3 Bb4+ 6. Nc3 O-O 7. Bd3 a6 8. O-O dxc4 9. Bxc4 b5 10. Bd3 Bb7 11. Qc2 h6 12. Bh4 c5 13. dxc5 Nxc5 14. Rad1 Qe7 15. a3 Bxc3 16. Qxc3 Bxf3 17. Bxf6 Qxf6 18. Qxf6 gxf6 19. gxf3 Rfd8 20. Bc2 Rac8 21. Rxd8+ Rxd8 22. Rd1 Rxd1+ 23. Bxd1 Nd3 24. b4 Kf8 25. Kf1 Ke7 26. Ke2 Ne5 27. Bb3 Ng6 28. f4 f5 29. Kd3 Kd7 30. Kd4 Kd6 31. f3 f6 32. Kd3 Nh4 33. Bd1 Ng6 34. Bb3 e5 35. fxe5+ fxe5 36. e4 fxe4+ 37. fxe4 Nf4+ 38. Ke3 Kc6 39. Bf7 Kb6 40. Bb3 Kc6 41. Bf7 Kd6 42. Be8 Ne6 43. a4 Nd4 44. axb5 axb5 45. Kd3 Nc6 46. Bxc6 Kxc6 47. Ke3 Kd6 48. Kf3 1/2-1/2

[Event "Scarborough CC Spring Into Summer U1700"]
[Site "Toronto CAN"]
[Date "2011.05.19"]
[Round "3"]
[White "Liang, Phillip"]
[Black "Wu, Mark"]
[Result "1-0"]
[WhiteElo "1284"]
[BlackElo "1052"]
[PlyCount "67"]
[GameId "2160767909704819"]
[EventDate "2011.04.28"]
[EventType "swiss"]
[EventRounds "9"]
[EventCountry "CAN"]
[SourceTitle "EXT 2022"]
[Source "ChessBase"]
[SourceDate "2021.10.06"]
[SourceVersion "1"]
[SourceVersionDate "2021.10.06"]
[SourceQuality "1"]

1. e4 e5 2. Nf3 Nc6 3. Bc4 Bc5 4. c3 Nf6 5. d4 exd4 6. cxd4 Bb6 7. e5 Ne4 8. Bd5 f5 9. O-O d6 10. Bxc6+ bxc6 11. Qa4 Bb7 12. Be3 Qd7 13. Qc4 d5 14. Qc2 O-O-O 15. Nc3 c5 16. Rfd1 c4 17. Rac1 Kb8 18. b3 cxb3 19. axb3 h6 20. Na4 Ba5 21. b4 Bxb4 22. e6 Qd6 23. Ne5 Rhf8 24. Bf4 Qe7 25. Ng6 Qxe6 26. Bxc7+ Kc8 27. Bxd8+ Kxd8 28. Nxf8 Qf7 29. f3 Nd6 30. Nc5 Qxf8 31. Nxb7+ Nxb7 32. Qc8+ Ke7 33. Qxb7+ Ke8 34. Rc8# 1-0

[Event "Scarborough CC Spring Into Summer U1700"]
[Site "Toronto CAN"]
[Date "2011.05.19"]
[Round "3"]
[White "Liu, Peter"]
[Black "Arjavkumar, Joshi"]
[Result "0-1"]
[WhiteElo "1332"]
[BlackElo "1100"]
[PlyCount "62"]
[GameId "2160767909704820"]
[EventDate "2011.04.28"]
[EventType "swiss"]
[EventRounds "9"]
[EventCountry "CAN"]
[SourceTitle "EXT 2022"]
[Source "ChessBase"]
[SourceDate "2021.10.06"]
[SourceVersion "1"]
[SourceVersionDate "2021.10.06"]
[SourceQuality "1"]

1. e4 e5 2. Nf3 Nc6 3. Bb5 d6 4. O-O Bg4 5. h3 Bh5 6. d3 Nf6 7. Bg5 Be7 8. Nbd2 O-O 9. Qc1 a6 10. Bxc6 bxc6 11. d4 Nd7 12. Bxe7 Qxe7 13. c4 f5 14. Qc3 f4 15. Nb3 Bxf3 16. Qxf3 Rf6 17. d5 cxd5 18. cxd5 Raf8 19. Rac1 Qd8 20. Na5 Nb8 21. Nc6 Nxc6 22. Rxc6 Qc8 23. Qd3 f3 24. g3 Qxh3 25. Qxf3 Rxf3 26. Rc3 h5 27. a4 h4 28. Rxf3 Rxf3 29. gxh4 Qxh4 30. Kg2 Qg4+ 31. Kh1 Rh3# 0-1

[Event "Scarborough CC Spring Into Summer U1700"]
[Site "Toronto CAN"]
[Date "2011.05.19"]
[Round "3"]
[White "Malyuzhinets, Dmitry"]
[Black "Super, Russell"]
[Result "0-1"]
[WhiteElo "1298"]
[BlackElo "1419"]
[PlyCount "82"]
[GameId "2160767909704821"]
[EventDate "2011.04.28"]
[EventType "swiss"]
[EventRounds "9"]
[EventCountry "CAN"]
[SourceTitle "EXT 2022"]
[Source "ChessBase"]
[SourceDate "2021.10.06"]
[SourceVersion "1"]
[SourceVersionDate "2021.10.06"]
[SourceQuality "1"]

1. d4 Nf6 2. c4 g6 3. Nc3 d5 4. e3 Bg7 5. Nf3 O-O 6. Qc2 Nc6 7. Bd3 Re8 8. a3 a5 9. O-O e5 10. dxe5 Nxe5 11. Nxe5 Rxe5 12. Be2 Bf5 13. Qd2 dxc4 14. Qxd8+ Rxd8 15. Bxc4 Re7 16. f3 Bd3 17. Bxd3 Rxd3 18. e4 Nd7 19. Rd1 Rxd1+ 20. Nxd1 Nc5 21. Ra2 Rd7 22. Nf2 Nd3 23. Nxd3 Rxd3 24. Kf2 Rd1 25. Bf4 c5 26. e5 Rd5 27. b3 Bxe5 28. Bxe5 Rxe5 29. Rd2 b6 30. Rd6 Re6 31. Rxe6 fxe6 32. Ke3 Kf7 33. Ke4 Ke7 34. a4 Kd6 35. g4 Kc6 36. f4 b5 37. axb5+ Kxb5 38. Kd3 Kb4 39. Kc2 c4 40. bxc4 Kxc4 41. Kb2 Kd4 0-1

[Event "Scarborough CC Spring Into Summer U1700"]
[Site "Toronto CAN"]
[Date "2011.05.19"]
[Round "3"]
[White "Maurer, Hans"]
[Black "Kaneshalingam, Mathanhe"]
[Result "0-1"]
[WhiteElo "1077"]
[BlackElo "856"]
[PlyCount "68"]
[GameId "2160767909704822"]
[EventDate "2011.04.28"]
[EventType "swiss"]
[EventRounds "9"]
[EventCountry "CAN"]
[SourceTitle "EXT 2022"]
[Source "ChessBase"]
[SourceDate "2021.10.06"]
[SourceVersion "1"]
[SourceVersionDate "2021.10.06"]
[SourceQuality "1"]

1. e4 e5 2. Nf3 Nc6 3. c4 Nf6 4. Nc3 Bb4 5. a3 Bxc3 6. bxc3 d6 7. d4 O-O 8. Bd3 Bg4 9. h3 Bh5 10. d5 Ne7 11. Bg5 h6 12. Bxf6 gxf6 13. Qd2 Kg7 14. Be2 Bg6 15. Nh4 Bxe4 16. O-O Rg8 17. Qe3 Bg6 18. Qg3 Kh7 19. Qe3 Qd7 20. Bd3 Nf5 21. Qf3 Nxh4 22. Qxf6 Bxd3 23. Qxh4 Bxf1 24. Rxf1 Rae8 25. Qe4+ f5 26. Qd3 e4 27. Qe3 Qg7 28. Qg3 Qxg3 29. fxg3 Rxg3 30. Rxf5 Kg6 31. Rf4 Rxc3 32. Rg4+ Kh7 33. Kf2 e3+ 34. Ke2 Rxa3 0-1

[Event "Scarborough CC Spring Into Summer U1700"]
[Site "Toronto CAN"]
[Date "2011.05.19"]
[Round "3"]
[White "Palakkal, Anirudh"]
[Black "Xiao, Jerry"]
[Result "0-1"]
[WhiteElo "827"]
[BlackElo "930"]
[PlyCount "62"]
[GameId "2160767909704823"]
[EventDate "2011.04.28"]
[EventType "swiss"]
[EventRounds "9"]
[EventCountry "CAN"]
[SourceTitle "EXT 2022"]
[Source "ChessBase"]
[SourceDate "2021.10.06"]
[SourceVersion "1"]
[SourceVersionDate "2021.10.06"]
[SourceQuality "1"]

1. d4 g6 2. Nf3 Bg7 3. Bf4 e6 4. Nc3 Ne7 5. e3 O-O 6. Nb5 Na6 7. Nc3 d5 8. e4 Re8 9. e5 c5 10. Be2 b6 11. O-O Nc6 12. a3 cxd4 13. Nxd4 Nxd4 14. Qxd4 Nc5 15. b4 Ne4 16. Nxe4 dxe4 17. Qxe4 Bd7 18. Rad1 a5 19. bxa5 Rxa5 20. Ra1 Ra4 21. Qe3 Qc7 22. Rfc1 Bc6 23. Ra2 Re4 24. Qf3 Bxe5 25. Bxe5 Rxe5 26. Qg3 Bxg2 27. Kxg2 Qc5 28. Bg4 Rg5 29. Rb2 f5 30. h3 fxg4 31. hxg4 h5 0-1

[Event "Scarborough CC Spring Into Summer U1700"]
[Site "Toronto CAN"]
[Date "2011.05.19"]
[Round "3"]
[White "Pishdad, Hassan"]
[Black "Stroempl, Hedi"]
[Result "1-0"]
[WhiteElo "1270"]
[BlackElo "1067"]
[PlyCount "55"]
[GameId "2160767909704825"]
[EventDate "2011.04.28"]
[EventType "swiss"]
[EventRounds "9"]
[EventCountry "CAN"]
[SourceTitle "EXT 2022"]
[Source "ChessBase"]
[SourceDate "2021.10.06"]
[SourceVersion "1"]
[SourceVersionDate "2021.10.06"]
[SourceQuality "1"]

1. d4 d5 2. c4 Nf6 3. Nc3 e6 4. e3 c6 5. Bd3 Bb4 6. Nge2 Bxc3+ 7. Nxc3 O-O 8. O-O Nbd7 9. e4 dxe4 10. Bxe4 Nxe4 11. Nxe4 h6 12. Bf4 Re8 13. Qg4 f5 14. Qg6 fxe4 15. Bxh6 Qf6 16. Qxe8+ Kh7 17. Be3 Nb6 18. Qh5+ Kg8 19. b3 Bd7 20. Qe2 e5 21. Rad1 Bf5 22. dxe5 Qxe5 23. Bd4 Qc7 24. f3 exf3 25. Qxf3 g6 26. g4 Be6 27. Qf6 Bxg4 28. Qh8# 1-0

[Event "Scarborough CC Spring Into Summer U1700"]
[Site "Toronto CAN"]
[Date "2011.05.19"]
[Round "3"]
[White "Smith, Maurice"]
[Black "Song, Eric"]
[Result "1/2-1/2"]
[WhiteElo "1577"]
[BlackElo "1488"]
[PlyCount "108"]
[GameId "2160767909704828"]
[EventDate "2011.04.28"]
[EventType "swiss"]
[EventRounds "9"]
[EventCountry "CAN"]
[SourceTitle "EXT 2022"]
[Source "ChessBase"]
[SourceDate "2021.10.06"]
[SourceVersion "1"]
[SourceVersionDate "2021.10.06"]
[SourceQuality "1"]

1. d4 d5 2. c4 e6 3. Nc3 Nf6 4. Bg5 Be7 5. Nf3 Nc6 6. e3 h6 7. Bh4 Nd7 8. Bxe7 Nxe7 9. Bd3 Nf6 10. Ne5 Nc6 11. Nxc6 bxc6 12. O-O O-O 13. Qc2 Rb8 14. b3 Re8 15. Rad1 Qe7 16. e4 Bb7 17. Rfe1 dxc4 18. Bxc4 c5 19. dxc5 Qxc5 20. Rd2 Qe5 21. f3 Rbd8 22. Red1 Rxd2 23. Qxd2 Qc5+ 24. Qf2 Qa5 25. Na4 Bc6 26. Nc5 Rc8 27. Nxe6 Bd7 28. Nc5 Bc6 29. Ne6 Bd7 30. Nf4 c5 31. Nd5 Nxd5 32. Bxd5 Qc7 33. Qd2 Be8 34. Bc4 Bc6 35. Qd6 Qa5 36. Qd2 Qb6 37. Qf2 Be8 38. Rd5 a5 39. Qd2 a4 40. Rd6 Qb8 41. Ba6 axb3 42. axb3 Rc6 43. Rd8 Qe5 44. Bb5 Re6 45. Bxe8 Rxe8 46. Rxe8+ Qxe8 47. Qd5 Qb8 48. Qc4 Qa7 49. h3 Qa3 50. f4 Qa5 51. e5 Qe1+ 52. Kh2 Qe3 53. Qa4 Kh7 54. Qc4 Kg8 1/2-1/2

[Event "Scarborough CC Spring Into Summer U1700"]
[Site "Toronto CAN"]
[Date "2011.05.19"]
[Round "3"]
[White "Thanabalachandran, Luxiga"]
[Black "Gandhi, Vishwa"]
[Result "0-1"]
[WhiteElo "838"]
[BlackElo "1055"]
[PlyCount "94"]
[GameId "2160767909704829"]
[EventDate "2011.04.28"]
[EventType "swiss"]
[EventRounds "9"]
[EventCountry "CAN"]
[SourceTitle "EXT 2022"]
[Source "ChessBase"]
[SourceDate "2021.10.06"]
[SourceVersion "1"]
[SourceVersionDate "2021.10.06"]
[SourceQuality "1"]

1. e4 e5 2. Nf3 d6 3. Nc3 c6 4. Bc4 h6 5. d3 Nf6 6. O-O Be7 7. h3 O-O 8. d4 exd4 9. Nxd4 a6 10. Nf3 b5 11. Bb3 c5 12. Bd5 Nxd5 13. Nxd5 Bb7 14. Bf4 Re8 15. b3 Bf8 16. Re1 g5 17. Bg3 Bg7 18. e5 Bxd5 19. Qxd5 Ra7 20. Rad1 Rae7 21. exd6 Rxe1+ 22. Rxe1 Rxe1+ 23. Nxe1 Bc3 24. Nf3 Nd7 25. Ne5 Bxe5 26. Bxe5 Kf8 27. c4 f6 28. Bg3 h5 29. h4 bxc4 30. Qxc4 gxh4 31. Bxh4 Qa5 32. a4 Ne5 33. Qe6 Qe1+ 34. Kh2 Ng4+ 35. Qxg4 hxg4 36. d7 Qe7 37. Kg3 Qxd7 38. f3 gxf3 39. Kxf3 Qf5+ 40. Kg3 Kf7 41. Kh2 Qf4+ 42. g3 Qb4 43. g4 Qxg4 44. Bf2 f5 45. Bxc5 f4 46. Bf2 f3 47. b4 Qg2# 0-1

[Event "Scarborough CC Spring Into Summer U1700"]
[Site "Toronto CAN"]
[Date "2011.05.19"]
[Round "3"]
[White "Tismenko, Dennis"]
[Black "Thanabalachandran, Kajan"]
[Result "0-1"]
[WhiteElo "1448"]
[BlackElo "1599"]
[PlyCount "47"]
[GameId "2160767909704830"]
[EventDate "2011.04.28"]
[EventType "swiss"]
[EventRounds "9"]
[EventCountry "CAN"]
[SourceTitle "EXT 2022"]
[Source "ChessBase"]
[SourceDate "2021.10.06"]
[SourceVersion "1"]
[SourceVersionDate "2021.10.06"]
[SourceQuality "1"]

1. e4 c5 2. Nf3 Nc6 3. d4 cxd4 4. Nxd4 Nf6 5. Nc3 d6 6. Bg5 e6 7. Bc4 Be7 8. Bb3 Bd7 9. f3 a6 10. a4 Rc8 11. Qd2 Na5 12. Ba2 Nc4 13. Bxc4 Rxc4 14. O-O O-O 15. Qe2 Rc5 16. f4 Re8 17. e5 Nd5 18. Nxd5 exd5 19. Qf3 Bc6 20. Nxc6 bxc6 21. a5 f6 22. Qg4 Bf8 23. e6 Qe7 24. f5 0-1

[Event "Scarborough CC Spring Into Summer U1700"]
[Site "Toronto CAN"]
[Date "2011.05.19"]
[Round "3"]
[White "Veecock, Carl"]
[Black "Karpik, Steve"]
[Result "1-0"]
[WhiteElo "1338"]
[BlackElo "1483"]
[PlyCount "45"]
[GameId "2160767909704832"]
[EventDate "2011.04.28"]
[EventType "swiss"]
[EventRounds "9"]
[EventCountry "CAN"]
[SourceTitle "EXT 2022"]
[Source "ChessBase"]
[SourceDate "2021.10.06"]
[SourceVersion "1"]
[SourceVersionDate "2021.10.06"]
[SourceQuality "1"]

1. Nf3 Nf6 2. g3 g6 3. Bg2 Bg7 4. O-O O-O 5. d4 d6 6. c3 c6 7. Nbd2 d5 8. Ne5 Nbd7 9. Nxd7 Bxd7 10. Nf3 Qc8 11. Ne5 Bh3 12. Bg5 Bxg2 13. Kxg2 e6 14. Bxf6 Bxf6 15. Ng4 Bg7 16. Ne3 e5 17. dxe5 Bxe5 18. f4 Bg7 19. f5 Qe8 20. Qd3 Rd8 21. f6 Bh8 22. Ng4 Qe6 23. Nh6# 1-0

[Event "Scarborough CC Spring Into Summer U1700"]
[Site "Toronto CAN"]
[Date "2011.05.26"]
[Round "4"]
[White "Arjavkumar, Joshi"]
[Black "Guo, Tan"]
[Result "0-1"]
[WhiteElo "1100"]
[BlackElo "1538"]
[PlyCount "80"]
[GameId "2160767909704833"]
[EventDate "2011.04.28"]
[EventType "swiss"]
[EventRounds "9"]
[EventCountry "CAN"]
[SourceTitle "EXT 2022"]
[Source "ChessBase"]
[SourceDate "2021.10.06"]
[SourceVersion "1"]
[SourceVersionDate "2021.10.06"]
[SourceQuality "1"]

1. e4 d6 2. d4 Nf6 3. Nc3 g6 4. Be3 Bg7 5. Bd3 O-O 6. Nge2 c6 7. O-O Qc7 8. Ng3 Nbd7 9. f4 e5 10. dxe5 dxe5 11. f5 Nb6 12. b3 Bd7 13. Qe2 Rad8 14. Rad1 h6 15. Rf2 Nc8 16. Qd2 Ng4 17. Rf3 Nxe3 18. Qxe3 Qb6 19. f6 Qxe3+ 20. Rxe3 Bxf6 21. Rf1 Bg5 22. Ree1 Bd2 23. Nce2 Bxe1 24. Rxe1 Nd6 25. a4 Ne8 26. Rf1 Ng7 27. Nc1 Ne6 28. Bc4 Nf4 29. Nd3 Nxd3 30. cxd3 b5 31. axb5 cxb5 32. Bd5 Rc8 33. Rf6 Rc1+ 34. Kf2 Kg7 35. Ra6 Rfc8 36. Rxa7 R8c7 37. Ra2 R1c2+ 38. Rxc2 Rxc2+ 39. Kf3 h5 40. Ne2 Bg4+ 0-1

[Event "Scarborough CC Spring Into Summer U1700"]
[Site "Toronto CAN"]
[Date "2011.05.26"]
[Round "4"]
[White "Azizi, Hamid"]
[Black "Aghamalian, Leonid"]
[Result "0-1"]
[WhiteElo "1388"]
[BlackElo "1484"]
[PlyCount "82"]
[GameId "2160767909704834"]
[EventDate "2011.04.28"]
[EventType "swiss"]
[EventRounds "9"]
[EventCountry "CAN"]
[SourceTitle "EXT 2022"]
[Source "ChessBase"]
[SourceDate "2021.10.06"]
[SourceVersion "1"]
[SourceVersionDate "2021.10.06"]
[SourceQuality "1"]

1. d3 d5 2. e3 e5 3. c3 Nc6 4. Ne2 Nf6 5. f3 Bd6 6. Ng3 O-O 7. Be2 Re8 8. O-O b6 9. Nd2 Bb7 10. Re1 d4 11. e4 Ne7 12. Ndf1 c5 13. Bg5 Ng6 14. Nh5 Be7 15. Nfg3 Nxh5 16. Bxe7 Qxe7 17. Nxh5 Qg5 18. Ng3 Nf4 19. Bf1 h5 20. Qc2 g6 21. Kh1 Kg7 22. Rad1 Rh8 23. Rd2 h4 24. Ne2 Nh5 25. Ng1 Nf4 26. Rf2 Nh5 27. Nh3 Qh6 28. Qc1 Qh7 29. Be2 Bc8 30. Ng5 Qg8 31. Nh3 Bxh3 32. gxh3 Nf4 33. Bf1 Qc8 34. Bg2 Nxd3 35. Qd2 Nxe1 36. Qxe1 Qe6 37. b3 Rhd8 38. c4 d3 39. Rd2 Rd4 40. Qxh4 Rh8 41. Qg3 Qf6 0-1

[Event "Scarborough CC Spring Into Summer U1700"]
[Site "Toronto CAN"]
[Date "2011.05.26"]
[Round "4"]
[White "Dattani, Dinesh"]
[Black "Graham, John"]
[Result "1/2-1/2"]
[WhiteElo "1379"]
[BlackElo "1402"]
[PlyCount "49"]
[GameId "2160767909704835"]
[EventDate "2011.04.28"]
[EventType "swiss"]
[EventRounds "9"]
[EventCountry "CAN"]
[SourceTitle "EXT 2022"]
[Source "ChessBase"]
[SourceDate "2021.10.06"]
[SourceVersion "1"]
[SourceVersionDate "2021.10.06"]
[SourceQuality "1"]

1. e4 e6 2. d4 d5 3. Nc3 dxe4 4. Nxe4 b6 5. Bb5+ c6 6. Be2 Bb7 7. Bf3 Nf6 8. Bg5 Be7 9. Bxf6 Bxf6 10. c3 Be7 11. Ne2 O-O 12. O-O Nd7 13. N4g3 Qc7 14. Qd3 Rad8 15. Rac1 Ne5 16. Qe4 Nxf3+ 17. Qxf3 h6 18. Qg4 Bg5 19. f4 Be7 20. Nh5 g6 21. f5 exf5 22. Rxf5 Bc8 23. Neg3 Bxf5 24. Nxf5 Kh7 25. Re1 1/2-1/2

[Event "Scarborough CC Spring Into Summer U1700"]
[Site "Toronto CAN"]
[Date "2011.05.26"]
[Round "4"]
[White "Karpik, Steve"]
[Black "Liang, Phillip"]
[Result "0-1"]
[WhiteElo "1483"]
[BlackElo "1285"]
[PlyCount "78"]
[GameId "2160767909704836"]
[EventDate "2011.04.28"]
[EventType "swiss"]
[EventRounds "9"]
[EventCountry "CAN"]
[SourceTitle "EXT 2022"]
[Source "ChessBase"]
[SourceDate "2021.10.06"]
[SourceVersion "1"]
[SourceVersionDate "2021.10.06"]
[SourceQuality "1"]

1. Nf3 Nf6 2. c4 g6 3. g3 Bg7 4. Nc3 d6 5. Bg2 e5 6. d3 O-O 7. Bd2 Re8 8. Qc1 c6 9. Bg5 d5 10. e4 dxc4 11. dxc4 Qd3 12. Bxf6 Bxf6 13. b3 Bg4 14. Qd2 Rd8 15. Qe3 Na6 16. Nd5 Qxe3+ 17. Nxe3 Be6 18. O-O Nc5 19. Rad1 a5 20. Nd2 b5 21. f4 exf4 22. gxf4 Rd3 23. e5 Bxe5 24. fxe5 Rxe3 25. Bxc6 Rd8 26. Ne4 Rxd1 27. Nf6+ Kg7 28. Rxd1 bxc4 29. bxc4 Rxe5 30. Ne8+ Kh6 31. Bd5 Rg5+ 32. Kf2 Na4 33. Nd6 Kg7 34. Bxe6 fxe6 35. Nb7 Rf5+ 36. Kg2 Rg5+ 37. Kf2 Nc3 38. Rd7+ Kf6 39. Nc5 Rxc5 0-1

[Event "Scarborough CC Spring Into Summer U1700"]
[Site "Toronto CAN"]
[Date "2011.05.26"]
[Round "4"]
[White "Li, Michael"]
[Black "Yu, Tianxi"]
[Result "1-0"]
[WhiteElo "1479"]
[BlackElo "1039"]
[PlyCount "55"]
[GameId "2160767909704837"]
[EventDate "2011.04.28"]
[EventType "swiss"]
[EventRounds "9"]
[EventCountry "CAN"]
[SourceTitle "EXT 2022"]
[Source "ChessBase"]
[SourceDate "2021.10.06"]
[SourceVersion "1"]
[SourceVersionDate "2021.10.06"]
[SourceQuality "1"]

1. e4 e5 2. Nf3 Nc6 3. d4 exd4 4. Nxd4 Nxd4 5. Qxd4 Qf6 6. Qc4 c6 7. Nc3 Qe6 8. Qd4 Qd6 9. Qe3 Qc7 10. e5 Bb4 11. Bd2 Ne7 12. Bd3 O-O 13. O-O d6 14. exd6 Bxd6 15. h3 Nf5 16. Qg5 g6 17. Ne4 Bh2+ 18. Kh1 Be6 19. Nf6+ Kg7 20. Bxf5 Bxf5 21. Nh5+ Kg8 22. g3 Bxg3 23. Nxg3 Bxc2 24. Qf6 Rad8 25. Bh6 Be4+ 26. Nxe4 Qh2+ 27. Kxh2 b6 28. Qg7# 1-0

[Event "Scarborough CC Spring Into Summer U1700"]
[Site "Toronto CAN"]
[Date "2011.05.26"]
[Round "4"]
[White "Lin, Benjamin1"]
[Black "Malyuzhinets, Dmitry"]
[Result "1-0"]
[WhiteElo "1138"]
[BlackElo "1298"]
[PlyCount "61"]
[GameId "2160767909704838"]
[EventDate "2011.04.28"]
[EventType "swiss"]
[EventRounds "9"]
[EventCountry "CAN"]
[SourceTitle "EXT 2022"]
[Source "ChessBase"]
[SourceDate "2021.10.06"]
[SourceVersion "1"]
[SourceVersionDate "2021.10.06"]
[SourceQuality "1"]

1. c4 Nf6 2. d4 e6 3. Bd2 d5 4. c5 c6 5. Nc3 g6 6. e3 Bg7 7. Nf3 O-O 8. Bd3 b6 9. b4 b5 10. O-O Nbd7 11. a3 Re8 12. e4 Nxe4 13. Bxe4 dxe4 14. Nxe4 Nf6 15. Nd6 Re7 16. Bf4 Nd5 17. Bg5 f6 18. Bd2 f5 19. Bg5 Bf6 20. Bxf6 Nxf6 21. Ne5 Qf8 22. Qf3 Bd7 23. Rac1 Nd5 24. Rfe1 Bc8 25. Nxc6 Rc7 26. Ne5 Nf6 27. Qxa8 Nd5 28. Nxb5 Rb7 29. Nd6 Nc7 30. Qxc8 Qxc8 31. Nxc8 1-0

[Event "Scarborough CC Spring Into Summer U1700"]
[Site "Toronto CAN"]
[Date "2011.05.26"]
[Round "4"]
[White "Song, Eric"]
[Black "Cui, Gordon"]
[Result "1-0"]
[WhiteElo "1488"]
[BlackElo "1264"]
[PlyCount "47"]
[GameId "2160767909704839"]
[EventDate "2011.04.28"]
[EventType "swiss"]
[EventRounds "9"]
[EventCountry "CAN"]
[SourceTitle "EXT 2022"]
[Source "ChessBase"]
[SourceDate "2021.10.06"]
[SourceVersion "1"]
[SourceVersionDate "2021.10.06"]
[SourceQuality "1"]

1. e4 c5 2. Nf3 Nc6 3. d4 cxd4 4. Nxd4 g6 5. Nc3 Bg7 6. Be3 Nf6 7. Be2 O-O 8. O-O d6 9. Qd2 Bd7 10. Kh1 Ng4 11. Nxc6 bxc6 12. Bxg4 Bxg4 13. f3 Be6 14. Rad1 Re8 15. a3 a6 16. Rfe1 Rb8 17. Rb1 Qa5 18. Bd4 Bxd4 19. Qxd4 Qb6 20. Qd2 Qa5 21. Qe2 Bd7 22. Qd3 Kf8 23. Qd4 Qb6 24. Qh8# 1-0

[Event "Scarborough CC Spring Into Summer U1700"]
[Site "Toronto CAN"]
[Date "2011.05.26"]
[Round "4"]
[White "Super, Russell"]
[Black "Pishdad, Hassan"]
[Result "0-1"]
[WhiteElo "1419"]
[BlackElo "1270"]
[PlyCount "76"]
[GameId "2160767909704841"]
[EventDate "2011.04.28"]
[EventType "swiss"]
[EventRounds "9"]
[EventCountry "CAN"]
[SourceTitle "EXT 2022"]
[Source "ChessBase"]
[SourceDate "2021.10.06"]
[SourceVersion "1"]
[SourceVersionDate "2021.10.06"]
[SourceQuality "1"]

1. e4 c5 2. Nf3 d6 3. d4 cxd4 4. Nxd4 Nc6 5. c4 Nf6 6. Nc3 e5 7. Nb3 b6 8. Be2 Be7 9. O-O O-O 10. h3 a5 11. Be3 a4 12. Nd2 Bd7 13. Nxa4 Nd4 14. Nc3 Nxe2+ 15. Qxe2 Bc6 16. Rfd1 Bb7 17. Nd5 Nxd5 18. exd5 f5 19. Nf3 f4 20. Bd2 Ba6 21. Re1 Bf6 22. Bc3 Re8 23. Qe4 Rc8 24. b3 b5 25. cxb5 Bxb5 26. Rec1 Ba6 27. Bb2 Bb7 28. a4 Qa5 29. Ba3 Bxd5 30. Qb1 e4 31. Nd2 Bxa1 32. Qxa1 Qxd2 33. Rd1 Qa5 34. b4 Qa8 35. Qd4 Bb3 36. a5 d5 37. Bb2 Re7 38. Bc3 Bxd1 0-1

[Event "Scarborough CC Spring Into Summer U1700"]
[Site "Toronto CAN"]
[Date "2011.05.26"]
[Round "4"]
[White "Termeer, Ted"]
[Black "Rodriguez, Sergio1"]
[Result "1-0"]
[WhiteElo "1404"]
[BlackElo "1223"]
[PlyCount "60"]
[GameId "2160767909704843"]
[EventDate "2011.04.28"]
[EventType "swiss"]
[EventRounds "9"]
[EventCountry "CAN"]
[SourceTitle "EXT 2022"]
[Source "ChessBase"]
[SourceDate "2021.10.06"]
[SourceVersion "1"]
[SourceVersionDate "2021.10.06"]
[SourceQuality "1"]

1. Nf3 Nc6 2. d4 e6 3. Bd2 Nf6 4. Nc3 d5 5. h3 a6 6. a3 b5 7. e3 Bd6 8. Bd3 b4 9. Nb1 a5 10. axb4 Bxb4 11. c3 Bd6 12. Bb5 Bd7 13. O-O e5 14. Bxc6 Bxc6 15. dxe5 d4 16. exd6 Qxd6 17. exd4 O-O 18. Re1 h6 19. Na3 g5 20. Nc4 Qd5 21. Nce5 Bb7 22. c4 Qd6 23. d5 Rfe8 24. Bc3 Bc8 25. Ng4 Bxg4 26. Rxe8+ Rxe8 27. hxg4 Nxg4 28. Qd4 f6 29. Qxg4 h5 30. Qxh5 Re4 1-0

[Event "Scarborough CC Spring Into Summer U1700"]
[Site "Toronto CAN"]
[Date "2011.05.26"]
[Round "4"]
[White "Thanabalachandran, Kajan"]
[Black "Aghamalian, Derick"]
[Result "0-1"]
[WhiteElo "1599"]
[BlackElo "1577"]
[PlyCount "68"]
[GameId "2160767909704844"]
[EventDate "2011.04.28"]
[EventType "swiss"]
[EventRounds "9"]
[EventCountry "CAN"]
[SourceTitle "EXT 2022"]
[Source "ChessBase"]
[SourceDate "2021.10.06"]
[SourceVersion "1"]
[SourceVersionDate "2021.10.06"]
[SourceQuality "1"]

1. e4 e6 2. d4 d5 3. Nc3 Nf6 4. e5 Nfd7 5. Bd3 c5 6. Be2 Nc6 7. Nf3 Be7 8. O-O O-O 9. Re1 cxd4 10. Nxd4 Ncxe5 11. Bf4 Nc6 12. Ndb5 e5 13. Bg3 d4 14. Ne4 f5 15. Ned6 Nb6 16. Nxc8 Rxc8 17. h3 Bf6 18. Bf3 a6 19. Na3 e4 20. Be2 d3 21. cxd3 Bxb2 22. Nc2 exd3 23. Qxd3 Qxd3 24. Bxd3 f4 25. Bh2 Nd7 26. g3 fxg3 27. Bxg3 Rfe8 28. Bf5 Rxe1+ 29. Kg2 Rxa1 30. Bxd7 Rf8 31. Kh2 Kh8 32. Be6 Nd4 33. Bd5 Nf3+ 34. Kg2 Rg1# 0-1